00487nam a22001577a 450000500170000001000150001702000250003203500140005703700090007108200080008024500880008826000560017627000470023230000220027970000280030120240923163743.0 aENG-141403 a9788125051763c90.00 aEN-124935 bDBAD a880 aViews & Visions:bAn English Coursebook for undergraduates/cEdited by B V Moharil  aHyderabad bOrient Blackswan Private Limited c2013 a3-6-752 Himayantnagar bHyderabad e500029 a154p.c22 cm(pbk) aB V Moharil eEdited by